000 00838cab a2200253 4500
001 ABS55949
008 090401t1996 xxu||||| |||| 00| 0 eng d
035 _a(Sirsi) u20045
041 _aeng
100 _aDowns, A.
245 _aWhy invest in commercial real estate?
260 _c1996
350 _a0
490 _aUrban Land
_v55(9) September 1996, 30-33 & 62(5)
520 _aGives reasons why institutional investors would consider investing in property, from tax reasons to diversifying their portfolios (US article).
650 _aINSTITUTIONAL INVESTMENT
650 _aINVESTMENT PORTFOLIOS
650 _aPROPERTY CYCLES
650 _aPROPERTY YIELDS
690 _aPROPERTY-COMMERCIAL PROPERTY-COMMERCIAL PROPERTY FINANCE AND INVESTMENT
690 _aOVERSEAS-NORTH AMERICA
942 _n0
948 _c04/03/1997
999 _c13429
_d13429